[Event "POL-chT 1 Liga 2019"]
[Site "Dzwirzyno"]
[Date "2019.09.11"]
[Round "5.20"]
[White "Barski, Radoslaw"]
[Black "Flis, Pawel"]
[Result "1-0"]
[WhiteElo "2425"]
[BlackElo "1897"]
[Annotator "NA"]
[PlyCount "83"]
[EventDate "2019.09.07"]
[EventType "team-tourn"]
[EventCountry "POL"]
[SourceTitle "playchess.com"]
[Source "ChessBase"]
[SourceQuality "1"]
[TimeControl "40/5400+30:1800+30"]

1. e4 {[%emt 0:00:00]} c5 {[%emt 0:00:00]} 2. Nf3 {[%emt 0:00:00]} d6 {[%emt 0:00:02]} 3. Bb5+ {[%emt 0:00:00]} Bd7 {[%emt 0:00:07]} 4. a4 {[%emt 0:01:10]} Nc6 {[%emt 0:01:08]} 5. O-O {[%emt 0:01:08]} Nf6 {[%emt 0:01:29]} 6. Re1 {[%emt 0:06:05]} e6 {[%emt 0:04:39]} 7. c3 {[%emt 0:00:38]} Be7 {[%emt 0:01:56]} 8. d4 {[%emt 0:02:18]} O-O {[%emt 0:01:23]} 9. dxc5 {[%emt 0:06:52]} dxc5 {[%emt 0:00:28]} 10. Bf4 {[%emt 0:00:04]} a6 {[%emt 0:08:35]} 11. Bf1 {[%emt 0:00:28]} Nb8 {[%emt 0:15:40]} 12. Nbd2 {[%emt 0:00:46]} Bc6 {[%emt 0:00:12]} 13. a5 {[%emt 0:02:28]} Nbd7 {[%emt 0:01:37]} 14. Qc2 {[%emt 0:00:08]} Bb5 {[%emt 0:09:16]} 15. Nc4 {[%emt 0:06:53]} Bxc4 {[%emt 0:03:14]} 16. Bxc4 {[%emt 0:00:35]} Qc8 {[%emt 0:06:50]} 17. e5 {[%emt 0:12:34]} Nh5 {[%emt 0:04:07]} 18. Bg5 {[%emt 0:02:28]} Qd8 {[%emt 0:02:14]} 19. Bxe7 {[%emt 0:00:44]} Qxe7 {[%emt 0:00:06]} 20. Qe4 {[%emt 0:00:11]} g6 {[%emt 0:06:43]} 21. Qxb7 {[%emt 0:01:47]} Rfb8 {[%emt 0:00:16]} 22. Qe4 {[%emt 0:00:06]} Ra7 {[%emt 0:00:50]} 23. b3 {[%emt 0:00:30]} Ng7 {[%emt 0:00:27]} 24. Red1 {[%emt 0:00:32]} Ne8 {[%emt 0:01:48]} 25. Qd3 {[%emt 0:08:23]} Nf8 {[%emt 0:02:58]} 26. Nd2 {[%emt 0:01:00]} Rd8 {[%emt 0:03:22]} 27. Qe2 {[%emt 0:00:54]} Qb7 {[%emt 0:04:50]} 28. f4 {[%emt 0:01:47]} Raa8 {[%emt 0:02:47]} 29. Qe3 {[%emt 0:05:50]} Qc6 {[%emt 0:01:23]} 30. Ne4 {[%emt 0:02:30]} Rxd1+ {[%emt 0:03:05]} 31. Rxd1 {[%emt 0:00:08]} Rc8 {[%emt 0:00:16]} 32. Qe2 {[%emt 0:01:35]} Ra8 {[%emt 0:01:46]} 33. Qf3 {[%emt 0:00:31]} Rc8 {[%emt 0:01:14]} 34. Nf6+ {[%emt 0:04:49]} Nxf6 {[%emt 0:00:21]} 35. Qxc6 {[%emt 0:00:06]} Rxc6 {[%emt 0:00:06]} 36. exf6 {[%emt 0:00:03]} h6 {[%emt 0:07:01]} 37. Rd8 {[%emt 0:00:12]} g5 {[%emt 0:00:23]} 38. fxg5 {[%emt 0:00:25]} hxg5 {[%emt 0:00:05]} 39. Ra8 {[%emt 0:00:03]} Rd6 {[%emt 0:01:06]} 40. Bxa6 {[%emt 0:00:00]} e5 {[%emt 0:00:00]} 41. Bc4 {[%emt 0:00:43]} Rxf6 {[%emt 0:01:00]} 42. a6 {[%emt 0:00:08]} 1-0

[Event "POL-chT 1 Liga 2019"]
[Site "Dzwirzyno"]
[Date "2019.09.11"]
[Round "5.21"]
[White "Szmacinski, Slawomir"]
[Black "Kosakowski, Jakub"]
[Result "0-1"]
[WhiteElo "1848"]
[BlackElo "2411"]
[Annotator "NA"]
[PlyCount "84"]
[EventDate "2019.09.07"]
[EventType "team-tourn"]
[EventCountry "POL"]
[SourceTitle "playchess.com"]
[Source "ChessBase"]
[SourceQuality "1"]
[TimeControl "40/5400+30:1800+30"]

1. d4 {[%emt 0:00:00]} Nf6 {[%emt 0:00:06]} 2. c4 {[%emt 0:00:00]} c5 {[%emt 0:02:46]} 3. e3 {[%emt 0:00:50]} g6 {[%emt 0:02:02]} 4. Nc3 Bg7 {[%emt 0:00:12]} 5. d5 {[%emt 0:02:55]} O-O {[%emt 0:00:12]} 6. e4 {[%emt 0:02:19]} d6 {[%emt 0:00:12]} 7. Bd3 {[%emt 0:00:46]} e6 {[%emt 0:02:18]} 8. Bg5 {[%emt 0:08:08]} exd5 {[%emt 0:04:54]} 9. cxd5 {[%emt 0:02:05]} h6 {[%emt 0:11:06]} 10. Bf4 Na6 11. f3 {[%emt 0:02:47]} Nc7 {[%emt 0:03:30]} 12. Qd2 {[%emt 0:00:55]} Kh7 {[%emt 0:01:00]} 13. Nge2 {[%emt 0:00:46]} a6 {[%emt 0:00:33]} 14. a4 {[%emt 0:01:04]} b6 {[%emt 0:00:08]} 15. g4 {[%emt 0:05:23]} Qe7 {[%emt 0:01:54]} 16. h4 {[%emt 0:02:26]} Nd7 {[%emt 0:00:10]} 17. h5 {[%emt 0:05:27]} Ne5 {[%emt 0:01:58]} 18. Bxe5 {[%emt 0:11:03]} dxe5 {[%emt 0:00:54]} 19. O-O-O {[%emt 0:00:36]} Ne8 {[%emt 0:05:41]} 20. Ng3 {[%emt 0:05:14]} Nd6 {[%emt 0:00:48]} 21. Rdg1 {[%emt 0:06:15]} g5 {[%emt 0:01:23]} 22. Nf5 {[%emt 0:01:13]} Bxf5 {[%emt 0:00:08]} 23. exf5 {[%emt 0:01:38]} Bf6 {[%emt 0:00:11]} 24. Ne4 {[%emt 0:00:18]} b5 {[%emt 0:00:34]} 25. Bc2 {[%emt 0:06:29]} bxa4 {[%emt 0:01:09]} 26. Bxa4 {[%emt 0:00:31]} Rab8 {[%emt 0:00:08]} 27. Rh2 {[%emt 0:01:43]} Rb4 {[%emt 0:00:11]} 28. Bc6 {[%emt 0:05:29]} Rfb8 {[%emt 0:01:07]} 29. Rgg2 {[%emt 0:03:18]} Nxe4 {[%emt 0:02:34]} 30. fxe4 {[%emt 0:00:09]} Qd6 {[%emt 0:00:02]} 31. Re2 {[%emt 0:00:53]} Bd8 {[%emt 0:00:43]} 32. f6 {[%emt 0:05:22]} Ba5 {[%emt 0:00:45]} 33. Qd3 {[%emt 0:00:28]} c4 {[%emt 0:00:36]} 34. Qe3 {[%emt 0:03:35]} Bb6 {[%emt 0:00:50]} 35. Qf3 {[%emt 0:08:39]} Rb3 {[%emt 0:00:32]} 36. Qf5+ {[%emt 0:01:54]} Kg8 {[%emt 0:00:08]} 37. Ba4 {[%emt 0:00:19]} Rb4 {[%emt 0:01:01]} 38. Qd7 {[%emt 0:01:41]} Qxf6 {[%emt 0:01:10]} 39. Qc6 {[%emt 0:02:07]} Qf1+ {[%emt 0:03:20]} 40. Bd1 {[%emt 0:00:00]} Bg1 {[%emt 0:00:00]} 41. Rhg2 {[%emt 0:03:49]} Be3+ {[%emt 0:02:46]} 42. Kb1 {[%emt 0:00:49]} Qxd1+ {[%emt 0:00:07]} 0-1

[Event "POL-chT 1 Liga 2019"]
[Site "Dzwirzyno"]
[Date "2019.09.11"]
[Round "5.22"]
[White "Walter, Szymon"]
[Black "Redlich, Bogdan"]
[Result "1-0"]
[WhiteElo "2311"]
[BlackElo "1600"]
[Annotator "NA"]
[PlyCount "66"]
[EventDate "2019.09.07"]
[EventType "team-tourn"]
[EventCountry "POL"]
[SourceTitle "playchess.com"]
[Source "ChessBase"]
[SourceQuality "1"]
[TimeControl "40/5400+30:1800+30"]

1. e4 {[%emt 0:00:32]} c5 {[%emt 0:00:45]} 2. Nc3 {[%emt 0:00:30]} d6 {[%emt 0:00:30]} 3. f4 {[%emt 0:00:30]} Nf6 {[%emt 0:00:30]} 4. Nf3 {[%emt 0:00:30]} g6 {[%emt 0:00:30]} 5. Bb5+ {[%emt 0:00:30]} Bd7 {[%emt 0:00:30]} 6. Bc4 {[%emt 0:00:30]} Bg7 {[%emt 0:00:30]} 7. d3 {[%emt 0:00:30]} O-O {[%emt 0:00:30]} 8. O-O {[%emt 0:00:30]} Bg4 {[%emt 0:00:30]} 9. h3 {[%emt 0:08:14]} Bxf3 {[%emt 0:09:55]} 10. Qxf3 {[%emt 0:00:06]} Nc6 {[%emt 0:02:58]} 11. g4 {[%emt 0:00:37]} e6 {[%emt 0:10:57]} 12. Qg2 {[%emt 0:01:36]} Nd4 {[%emt 0:19:04]} 13. Bb3 {[%emt 0:05:07]} b5 {[%emt 0:11:39]} 14. f5 {[%emt 0:04:55]} b4 {[%emt 0:04:02]} 15. Ne2 {[%emt 0:01:42]} Nxb3 {[%emt 0:05:40]} 16. axb3 {[%emt 0:00:36]} Nd7 {[%emt 0:01:57]} 17. g5 {[%emt 0:05:50]} exf5 {[%emt 0:04:05]} 18. exf5 {[%emt 0:00:20]} Be5 {[%emt 0:00:21]} 19. h4 {[%emt 0:01:19]} h5 {[%emt 0:06:15]} 20. Nf4 {[%emt 0:05:01]} Bxf4 {[%emt 0:05:21]} 21. Bxf4 {[%emt 0:00:08]} Ne5 {[%emt 0:01:42]} 22. Qd5 {[%emt 0:02:10]} Qc7 {[%emt 0:07:07]} 23. Bxe5 {[%emt 0:16:52]} dxe5 {[%emt 0:00:04]} 24. fxg6 {[%emt 0:00:07]} Rad8 {[%emt 0:02:51]} 25. gxf7+ {[%emt 0:00:23]} Kg7 {[%emt 0:01:46]} 26. Qf3 {[%emt 0:00:53]} Qd6 {[%emt 0:01:13]} 27. Rxa7 {[%emt 0:01:43]} Qd4+ {[%emt 0:00:15]} 28. Rf2 {[%emt 0:00:51]} Rd6 {[%emt 0:00:32]} 29. Rd7 {[%emt 0:05:11]} e4 {[%emt 0:01:40]} 30. Rxd6 {[%emt 0:00:19]} exf3 {[%emt 0:00:08]} 31. Rxd4 {[%emt 0:00:07]} cxd4 {[%emt 0:00:04]} 32. Rxf3 {[%emt 0:00:30]} Rxf7 {[%emt 0:00:30]} 33. Rxf7+ {[%emt 0:00:00]} Kxf7 1-0

[Event "POL-chT 1 Liga 2019"]
[Site "Dzwirzyno"]
[Date "2019.09.11"]
[Round "5.23"]
[White "Kelm, Robert"]
[Black "Dzierzak, Radoslaw"]
[Result "0-1"]
[WhiteElo "1585"]
[BlackElo "2253"]
[Annotator "NA"]
[PlyCount "80"]
[EventDate "2019.09.07"]
[EventType "team-tourn"]
[EventCountry "POL"]
[SourceTitle "playchess.com"]
[Source "ChessBase"]
[SourceQuality "1"]
[TimeControl "40/5400+30:1800+30"]

1. e4 {[%emt 0:00:00]} c5 {[%emt 0:00:00]} 2. Nf3 {[%emt 0:00:07]} e6 {[%emt 0:00:14]} 3. g3 {[%emt 0:01:22]} d5 {[%emt 0:04:05]} 4. e5 {[%emt 0:02:45]} Nc6 {[%emt 0:01:18]} 5. Bg2 {[%emt 0:00:10]} g5 {[%emt 0:01:18]} 6. h3 {[%emt 0:27:20]} Bg7 {[%emt 0:02:59]} 7. d4 {[%emt 0:06:27]} cxd4 {[%emt 0:01:54]} 8. Bxg5 {[%emt 0:01:43]} Qb6 {[%emt 0:02:13]} 9. Nbd2 {[%emt 0:06:29]} Nxe5 {[%emt 0:06:30]} 10. Nxe5 {[%emt 0:03:35]} Bxe5 {[%emt 0:00:12]} 11. Nb3 {[%emt 0:00:12]} Qb4+ {[%emt 0:06:07]} 12. Bd2 {[%emt 0:01:46]} Qc4 {[%emt 0:02:18]} 13. Bf1 {[%emt 0:01:36]} Qc7 {[%emt 0:04:05]} 14. f4 {[%emt 0:03:06]} Bf6 {[%emt 0:02:12]} 15. Bd3 {[%emt 0:00:53]} Ne7 {[%emt 0:02:33]} 16. Qf3 {[%emt 0:02:19]} Bd7 {[%emt 0:02:27]} 17. Ba5 {[%emt 0:04:09]} Qd6 {[%emt 0:03:06]} 18. a3 {[%emt 0:00:34]} Nc6 {[%emt 0:00:37]} 19. Bd2 {[%emt 0:00:37]} a5 {[%emt 0:01:55]} 20. Rd1 {[%emt 0:08:06]} a4 {[%emt 0:02:37]} 21. Nc1 {[%emt 0:02:00]} O-O-O {[%emt 0:01:06]} 22. Bb5 {[%emt 0:04:50]} e5 {[%emt 0:03:39]} 23. Bxc6 {[%emt 0:01:16]} Bxc6 {[%emt 0:01:19]} 24. fxe5 {[%emt 0:00:13]} Bxe5 {[%emt 0:02:26]} 25. Kf2 {[%emt 0:00:17]} Rhg8 {[%emt 0:05:29]} 26. Rhg1 {[%emt 0:02:53]} Rg6 {[%emt 0:12:22]} 27. Nd3 {[%emt 0:06:16]} Rf6 {[%emt 0:00:14]} 28. Bf4 {[%emt 0:00:20]} Bxf4 {[%emt 0:00:19]} 29. Nxf4 {[%emt 0:00:04]} d3 {[%emt 0:03:07]} 30. Rxd3 {[%emt 0:06:23]} Qc5+ {[%emt 0:01:59]} 31. Qe3 {[%emt 0:00:57]} d4 {[%emt 0:00:38]} 32. Qd2 {[%emt 0:00:05]} Kb8 {[%emt 0:04:14]} 33. b4 {[%emt 0:02:28]} axb3 {[%emt 0:01:21]} 34. cxb3 {[%emt 0:00:04]} Bb5 {[%emt 0:02:08]} 35. b4 {[%emt 0:02:26]} Qb6 {[%emt 0:00:52]} 36. Rf3 {[%emt 0:00:28]} Bc6 {[%emt 0:01:44]} 37. Rd3 {[%emt 0:00:17]} Be4 {[%emt 0:00:27]} 38. Rb3 {[%emt 0:00:08]} Qe6 {[%emt 0:01:09]} 39. Rf3 {[%emt 0:02:00]} Qd7 {[%emt 0:01:26]} 40. Rc1 {[%emt 0:00:00]} Bxf3 {[%emt 0:00:00]} 0-1

[Event "POL-chT 1 Liga 2019"]
[Site "Dzwirzyno"]
[Date "2019.09.11"]
[Round "5.24"]
[White "Malicka, Maria"]
[Black "Miturova, Magdalena"]
[Result "1/2-1/2"]
[WhiteElo "2095"]
[BlackElo "2219"]
[Annotator "NA"]
[PlyCount "38"]
[EventDate "2019.09.07"]
[EventType "team-tourn"]
[EventCountry "POL"]
[SourceTitle "playchess.com"]
[Source "ChessBase"]
[SourceQuality "1"]
[TimeControl "40/5400+30:1800+30"]

1. e4 {[%emt 0:00:00]} e5 {[%emt 0:00:00]} 2. Nf3 {[%emt 0:00:00]} Nc6 {[%emt 0:00:00]} 3. Bb5 {[%emt 0:00:00]} a6 {[%emt 0:00:00]} 4. Ba4 {[%emt 0:00:00]} Nf6 {[%emt 0:00:00]} 5. d3 {[%emt 0:00:00]} b5 {[%emt 0:01:05]} 6. Bb3 {[%emt 0:00:00]} Be7 {[%emt 0:00:12]} 7. Nc3 {[%emt 0:00:04]} d6 {[%emt 0:02:02]} 8. a3 {[%emt 0:00:14]} O-O {[%emt 0:02:17]} 9. Nd5 {[%emt 0:00:12]} Na5 {[%emt 0:06:05]} 10. Nxe7+ {[%emt 0:04:03]} Qxe7 {[%emt 0:00:12]} 11. Ba2 {[%emt 0:00:09]} c5 {[%emt 0:03:36]} 12. O-O {[%emt 0:03:11]} Be6 {[%emt 0:03:35]} 13. b4 {[%emt 0:04:49]} Bxa2 {[%emt 0:11:14]} 14. Rxa2 {[%emt 0:00:11]} Nc6 {[%emt 0:00:34]} 15. c3 {[%emt 0:02:32]} d5 {[%emt 0:15:45]} 16. Bg5 {[%emt 0:12:33]} dxe4 {[%emt 0:08:17]} 17. Bxf6 {[%emt 0:01:09]} Qxf6 {[%emt 0:00:11]} 18. dxe4 {[%emt 0:00:02]} Rfd8 {[%emt 0:00:56]} 19. Qe2 {[%emt 0:03:58]} Qe7 {[%emt 0:04:34]} 1/2-1/2

[Event "POL-chT 1 Liga 2019"]
[Site "Dzwirzyno"]
[Date "2019.09.11"]
[Round "5.25"]
[White "Golubka, Petro"]
[Black "Sapis, Witalis"]
[Result "1/2-1/2"]
[WhiteElo "2479"]
[BlackElo "2376"]
[Annotator "TA"]
[PlyCount "24"]
[EventDate "2019.09.07"]
[EventType "team-tourn"]
[EventCountry "POL"]
[SourceTitle "playchess.com"]
[Source "ChessBase"]
[SourceQuality "1"]

{[%evp 9,24,4,27,3,12,8,6,0,5,3,20,14,27,0,2,0,0]} 1. d4 c6 2. c4 d5 3. Nc3 Nf6 4. Nf3 a6 5. b3 (5. e3 g6 6. Be2 Bg7 7. O-O O-O 8. Bd2 Bg4 9. Qb3 Ra7 10. Rfd1 e6 11. h3 Bxf3 12. Bxf3 Nbd7 13. Ne2 Re8 14. Be1 a5 15. Qc2 Nb6 16. b3 {½-½ (41) Aronian,L (2767)-Artemiev,V (2709) Caleta 2019}) 5... Bf5 6. e3 {D15: Slav Defence: 4 Nc3 a6 and gambit lines after 4 Nc3 dxc4} e6 7. Bb2 Nbd7 8. Bd3 Bxd3 9. Qxd3 b5 10. O-O Be7 11. Nd2 O-O 12. Rfd1 Qb8 $146 ({Predecessor:} 12... Rb8 13. Rab1 Qa5 14. e4 dxc4 15. bxc4 {1-0 (34) Tqeshelashvili,S (2273)-Dzagnidze,N (2191) Tbilisi 2001}) 1/2-1/2

[Event "POL-chT 1 Liga 2019"]
[Site "Dzwirzyno"]
[Date "2019.09.11"]
[Round "5.26"]
[White "Godzwon, Iwo"]
[Black "Kislinsky, Alexey"]
[Result "0-1"]
[WhiteElo "2265"]
[BlackElo "2436"]
[Annotator "TA"]
[PlyCount "56"]
[EventDate "2019.09.07"]
[EventType "team-tourn"]
[EventCountry "POL"]
[SourceTitle "playchess.com"]
[Source "ChessBase"]
[SourceQuality "1"]

{[%evp 24,56,23,14,58,0,11,-36,-41,-40,-10,-25,0,-18,-30,-165,-37,-179,-185,-197,-190,-394,-285,-258,-184,-909,-907,-931,-916,-29971,-29971,-29970,-29965,-5231,-4717]} 1. e4 c5 2. Nf3 Nc6 3. d4 cxd4 4. Nxd4 g6 5. Nc3 Bg7 6. Be3 Nf6 7. Bc4 O-O 8. Bb3 d6 9. f3 Bd7 10. h4 Na5 11. Qd2 Nxb3 12. axb3 h5 13. O-O-O a5 {B77: Sicilian Dragon: Yugoslav Attack, 9 Bc4 sidelines} (13... Qa5 14. Kb1 Rfc8 15. Bh6 Bh8 16. g4 Rc5 17. gxh5 Nxh5 18. Bg5 e6 19. Be7 Qa6 20. Qd3 b5 21. Nde2 {1-0 (36) Lu,S (2546)-Bologan,V (2661) Dubai 2014}) 14. g4 a4 15. gxh5 $146 ({Predecessor:} 15. bxa4 Bxa4 16. Bh6 Bd7 17. Nb3 Qb6 18. Bxg7 Kxg7 19. e5 dxe5 20. g5 Be6 21. gxf6+ exf6 {0-1 (37) Ben Zion,D-Dobkin,Y Israel 1974}) 15... Nxh5 {Black is slightly better.} 16. bxa4 b5 17. axb5 Ra1+ 18. Nb1 {With the idea Nb3.} Qa8 19. Qb4 (19. Qd3 $1 $11 {and White is okay.}) 19... Rb8 ({Worse is} 19... Qa2 20. Kd2 $16) (19... Rc8 $19 {White must now prevent ...Qa2.} 20. c3 Bxd4 21. Rxd4 (21. Bxd4 $2 Be6 $19) 21... Ng3) 20. c4 (20. Rhg1 $1 $15) 20... Rc8 $36 {[%mdl 2048] [#] Strongly threatening ...Ng3. Black is in control.} ({But not} 20... Qa2 $2 21. Kc2 $18) 21. Qb3 Ng3 22. Rh2 $2 (22. Rhe1 Bxd4 23. Rxd4 Bxb5 24. Qxb5) 22... d5 23. exd5 Bxd4 24. Rxd4 $2 (24. Bxd4 Bf5 25. Rc2) 24... Bf5 25. Rc2 {[#]} Ne2+ $1 {[%mdl 512]} 26. Rxe2 Rxb1+ 27. Kd2 Qa5+ 28. Qc3 Rxb2+ {Accuracy: White =  9%, Black = 60%.} 0-1

[Event "POL-chT 1 Liga 2019"]
[Site "Dzwirzyno"]
[Date "2019.09.11"]
[Round "5.27"]
[White "Grabarczyk, Miroslaw"]
[Black "Tofil, Borys"]
[Result "1/2-1/2"]
[WhiteElo "2374"]
[BlackElo "2202"]
[Annotator "NA"]
[PlyCount "53"]
[EventDate "2019.09.07"]
[EventType "team-tourn"]
[EventCountry "POL"]
[SourceTitle "playchess.com"]
[Source "ChessBase"]
[SourceQuality "1"]
[TimeControl "40/5400+30:1800+30"]

1. d4 {[%emt 0:00:00]} f5 {[%emt 0:00:00]} 2. Nf3 {[%emt 0:01:03]} Nf6 {[%emt 0:00:04]} 3. g3 {[%emt 0:01:37]} g6 {[%emt 0:00:28]} 4. Bg2 {[%emt 0:00:42]} Bg7 {[%emt 0:00:28]} 5. c4 {[%emt 0:01:12]} d6 {[%emt 0:00:29]} 6. O-O {[%emt 0:02:02]} c6 {[%emt 0:03:17]} 7. Nc3 {[%emt 0:04:16]} O-O {[%emt 0:00:37]} 8. d5 {[%emt 0:06:29]} e5 {[%emt 0:34:00]} 9. dxe6 {[%emt 0:01:16]} Bxe6 {[%emt 0:00:28]} 10. Qd3 {[%emt 0:00:45]} Na6 {[%emt 0:04:11]} 11. Bf4 {[%emt 0:02:52]} Re8 {[%emt 0:09:58]} 12. Rad1 {[%emt 0:07:13]} Nc5 {[%emt 0:08:15]} 13. Qc2 {[%emt 0:05:46]} Qb6 {[%emt 0:09:04]} 14. b3 {[%emt 0:08:28]} d5 {[%emt 0:06:20]} 15. cxd5 {[%emt 0:03:30]} Nxd5 {[%emt 0:01:39]} 16. Nxd5 {[%emt 0:03:56]} Bxd5 {[%emt 0:00:12]} 17. Ng5 {[%emt 0:03:48]} Ne4 {[%emt 0:03:46]} 18. Nxe4 {[%emt 0:02:34]} fxe4 {[%emt 0:00:05]} 19. Be3 {[%emt 0:01:01]} Qb4 {[%emt 0:01:12]} 20. Bd2 {[%emt 0:08:23]} Qb6 {[%emt 0:01:26]} 21. Be3 {[%emt 0:05:45]} Qb4 {[%emt 0:00:06]} 22. Bd2 {[%emt 0:03:30]} Qb6 {[%emt 0:00:09]} 23. e3 {[%emt 0:02:25]} a5 {[%emt 0:01:15]} 24. Rb1 {[%emt 0:00:29]} Qa7 {[%emt 0:03:08]} 25. Rfc1 {[%emt 0:05:03]} b5 {[%emt 0:03:03]} 26. Bc3 {[%emt 0:01:51]} a4 {[%emt 0:01:14]} 27. Bxg7 {[%emt 0:02:08]} 1/2-1/2

[Event "POL-chT 1 Liga 2019"]
[Site "Dzwirzyno"]
[Date "2019.09.11"]
[Round "5.28"]
[White "Kowalski, Maciej"]
[Black "Sabuk, Piotr"]
[Result "1-0"]
[WhiteElo "2095"]
[BlackElo "2397"]
[Annotator "RC"]
[PlyCount "219"]
[EventDate "2019.09.07"]
[EventType "team-tourn"]
[EventCountry "POL"]
[SourceTitle "playchess.com"]
[Source "ChessBase"]
[SourceQuality "1"]
[TimeControl "40/5400+30:1800+30"]

1. Nf3 {[%emt 0:00:00]} Nf6 {[%emt 0:00:40]} 2. b3 {[%emt 0:00:00]} d5 {[%emt 0:00:31]} 3. d4 {[%emt 0:00:00]} c5 {[%emt 0:01:49]} 4. e3 {[%emt 0:01:52]} Nc6 {[%emt 0:05:40]} 5. Be2 {[%emt 0:02:22]} Bf5 {[%emt 0:07:01]} 6. O-O {[%emt 0:04:43]} e6 {[%emt 0:01:12]} 7. Bb2 {[%emt 0:06:45]} Be7 {[%emt 0:07:40]} 8. c4 {[%emt 0:03:14]} dxc4 {[%emt 0:04:12]} 9. Bxc4 {[%emt 0:07:52]} O-O {[%emt 0:00:43]} 10. Qe2 {[%emt 0:01:14]} Bg4 {[%emt 0:11:24]} 11. dxc5 {[%emt 0:17:54]} Bxc5 {[%emt 0:00:28]} 12. Nbd2 {[%emt 0:00:24]} Qe7 {[%emt 0:02:03]} 13. Bd3 {[%emt 0:08:10]} Ba3 {[%emt 0:13:00]} 14. Ne4 {[%emt 0:09:29]} Nd5 {[%emt 0:04:33]} 15. Ng3 {[%emt 0:04:07]} Bxf3 {[%emt 0:04:56]} 16. gxf3 {[%emt 0:00:11]} Rac8 {[%emt 0:04:57]} 17. Rac1 {[%emt 0:03:25]} f5 {[%emt 0:15:44]} 18. Kh1 {[%emt 0:05:15]} Bxb2 {[%emt 0:01:27]} 19. Qxb2 {[%emt 0:00:02]} f4 {[%emt 0:01:23]} 20. Nh5 {[%emt 0:01:59]} Rf7 {[%emt 0:05:58]} 21. Rg1 {[%emt 0:00:41]} fxe3 {[%emt 0:01:57]} 22. Nxg7 {[%emt 0:00:15]} Rxg7 {[%emt 0:00:32]} 23. Rxg7+ {[%emt 0:00:05]} Qxg7 {[%emt 0:00:02]} 24. Rg1 {[%emt 0:00:07]} Qxg1+ {[%emt 0:00:13]} 25. Kxg1 {[%emt 0:00:02]} Nf4 {[%emt 0:00:57]} 26. Bc4 {[%emt 0:03:28]} e2 {[%emt 0:01:44]} 27. Bxe2 {[%emt 0:02:40]} Nd4 {[%emt 0:00:02]} 28. Bc4 {[%emt 0:01:12]} Rd8 {[%emt 0:00:13]} 29. Kh1 {[%emt 0:06:59]} Nxf3 {[%emt 0:00:47]} 30. Be2 {[%emt 0:00:01]} Nd4 {[%emt 0:01:32]} 31. Bd1 {[%emt 0:00:49]} e5 {[%emt 0:00:37]} 32. h4 {[%emt 0:01:36]} Kf7 {[%emt 0:00:35]} 33. Qc3 {[%emt 0:01:52]} Kf6 {[%emt 0:00:19]} 34. Bf3 {[%emt 0:01:44]} Nxf3 {[%emt 0:00:36]} 35. Qxf3 {[%emt 0:00:05]} Rd7 {[%emt 0:00:32]} 36. Qg4 {[%emt 0:00:58]} Rg7 {[%emt 0:01:12]} 37. Qc8 {[%emt 0:00:03]} h5 {[%emt 0:00:32]} 38. Qd8+ {[%emt 0:04:22]} Ke6 {[%emt 0:00:38]} 39. f3 {[%emt 0:00:49]} a6 {[%emt 0:00:29]} 40. a4 {[%emt 0:00:00]} Rd7 {[%emt 0:00:00]} 41. Qe8+ {[%emt 0:04:44]} Re7 {[%emt 0:06:04]} 42. Qc8+ {[%emt 0:00:38]} Kf6 {[%emt 0:00:08]} 43. Kg1 {[%emt 0:01:21]} Ng6 {[%emt 0:03:04]} 44. Qc4 {[%emt 0:01:36]} Kg7 {[%emt 0:03:17]} 45. Kf2 {[%emt 0:02:16]} e4 {[%emt 0:04:52]} 46. fxe4 {[%emt 0:01:09]} Nxh4 {[%emt 0:00:58]} 47. Ke3 {[%emt 0:07:08]} Ng6 {[%emt 0:01:05]} 48. Qd5 {[%emt 0:02:07]} Kh6 {[%emt 0:05:32]} 49. b4 {[%emt 0:03:23]} Ne5 {[%emt 0:01:20]} 50. Qg8 {[%emt 0:03:40]} Ng6 {[%emt 0:00:48]} 51. Qc8 {[%emt 0:00:46]} Kg7 {[%emt 0:01:00]} 52. Kd4 {[%emt 0:00:27]} Kh7 {[%emt 0:00:47]} 53. Kc5 {[%emt 0:01:26]} Kh6 {[%emt 0:00:32]} 54. Kd6 {[%emt 0:02:53]} h4 {[%emt 0:01:27]} 55. Qg4 {[%emt 0:01:54]} Kg7 {[%emt 0:00:29]} 56. b5 {[%emt 0:00:29]} axb5 {[%emt 0:00:31]} 57. axb5 {[%emt 0:00:01]} Kf6 {[%emt 0:02:18]} 58. Qf5+ {[%emt 0:00:16]} Kg7 {[%emt 0:00:00]} 59. b6 {[%emt 0:00:27]} Re8 {[%emt 0:04:49]} 60. Qd7+ {[%emt 0:02:10]} Re7 {[%emt 0:00:05]} 61. Qc8 {[%emt 0:00:08]} Kf7 {[%emt 0:00:29]} 62. Qc4+ {[%emt 0:02:33]} Kf6 {[%emt 0:00:44]} 63. Qd4+ {[%emt 0:00:20]} Kf7 {[%emt 0:00:12]} 64. Qd5+ {[%emt 0:00:05]} Kf6 {[%emt 0:00:19]} 65. Qf5+ {[%emt 0:00:36]} Kg7 {[%emt 0:00:01]} 66. Qf3 {[%emt 0:01:03]} Rd7+ {[%emt 0:00:49]} 67. Kc5 {[%emt 0:00:34]} Re7 {[%emt 0:00:30]} 68. Qg2 {[%emt 0:00:15]} Re6 {[%emt 0:01:48]} 69. Qg4 {[%emt 0:00:26]} Re7 {[%emt 0:00:58]} 70. Kd6 {[%emt 0:00:06]} Re5 {[%emt 0:00:41]} 71. Qc8 {[%emt 0:00:50]} Re7 {[%emt 0:00:05]} 72. e5 {[%emt 0:00:14]} Kf7 {[%emt 0:00:53]} 73. e6+ {[%emt 0:00:16]} Kf6 {[%emt 0:00:19]} 74. Qc3+ {[%emt 0:00:43]} Kf5 {[%emt 0:00:01]} 75. Qd3+ {[%emt 0:00:14]} Kg5 {[%emt 0:00:29]} 76. Qe3+ {[%emt 0:02:18]} Kf5 {[%emt 0:00:20]} 77. Qf3+ {[%emt 0:00:11]} Kg5 {[%emt 0:00:05]} 78. Qg2+ {[%emt 0:00:30]} Kf5 {[%emt 0:00:15]} 79. Qxg6+ {[%emt 0:00:33]} Kxg6 {[%emt 0:00:01]} 80. Kxe7 {[%emt 0:00:02]} h3 {[%emt 0:00:08]} 81. Kd7 {[%emt 0:00:21]} h2 {[%emt 0:00:05]} 82. e7 {[%emt 0:00:02]} h1=Q {[%emt 0:00:06]} 83. e8=Q+ {[%emt 0:00:06]} Kg5 {[%emt 0:03:14]} 84. Qe5+ {[%emt 0:00:10]} Kg4 {[%emt 0:00:44]} 85. Qe6+ {[%emt 0:00:07]} Kf4 {[%emt 0:00:34]} 86. Kc7 {[%emt 0:00:29]} Kg3 {[%emt 0:00:33]} 87. Kb8 {[%emt 0:01:10]} Qf3 {[%emt 0:00:38]} 88. Qd6+ {[%emt 0:00:18]} Kf2 {[%emt 0:00:22]} 89. Qc7 {[%emt 0:00:13]} Qd5 {[%emt 0:00:34]} 90. Qxb7 {[%emt 0:00:39]} Qd8+ {[%emt 0:00:17]} 91. Ka7 {[%emt 0:00:12]} Qd4 {[%emt 0:00:43]} 92. Qf7+ {[%emt 0:00:13]} Ke1 {[%emt 0:00:35]} 93. Qe6+ {[%emt 0:00:09]} Kd1 {[%emt 0:00:29]} 94. Qb3+ {[%emt 0:00:13]} Kc1 {[%emt 0:00:14]} 95. Ka6 {[%emt 0:00:24]} Qd6 {[%emt 0:00:22]} 96. Qc3+ {[%emt 0:00:11]} Kd1 {[%emt 0:00:44]} 97. Ka7 {[%emt 0:00:18]} Ke2 {[%emt 0:00:35]} 98. b7 {[%emt 0:00:15]} Qe7 {[%emt 0:00:31]} 99. Qb2+ {[%emt 0:01:27]} Kf1 {[%emt 0:00:26]} 100. Qb1+ {[%emt 0:01:10]} Kg2 {[%emt 0:00:14]} 101. Qc2+ {[%emt 0:00:02]} Kg1 {[%emt 0:00:10]} 102. Qg6+ {[%emt 0:00:24]} Kh1 {[%emt 0:00:25]} 103. Qh5+ {[%emt 0:00:24]} Kg1 {[%emt 0:00:11]} 104. Qg4+ {[%emt 0:00:07]} Kh1 {[%emt 0:00:11]} 105. Qf3+ {[%emt 0:00:06]} Kg1 {[%emt 0:00:57]} 106. Ka8 {[%emt 0:00:10]} Qc7 {[%emt 0:00:36]} 107. Qg4+ {[%emt 0:00:27]} Kh1 {[%emt 0:00:14]} 108. Qe4+ {[%emt 0:00:22]} Kg1 {[%emt 0:00:24]} 109. b8=Q {[%emt 0:00:05]} Qa5+ {[%emt 0:00:58]} 110. Qa7+ {[%emt 0:00:01]} 1-0